| 000 | 01161nac a22003617a 4500 | ||
|---|---|---|---|
| 001 | BR2011003306 | ||
| 003 | BR-BrBNA | ||
| 005 | 20240105123915.0 | ||
| 008 | 230509b bl.|||m| |||| 00| 0 por d | ||
| 040 |
_aBR-BrBNA _bpor _cBiblioteca Nacional de Agricultura |
||
| 072 | _aF30; F01 | ||
| 090 | _a3103 BR2011003306 | ||
| 100 | 1 | _aLaviola, B.G. | |
| 100 | 1 | _aBhering, L.L. | |
| 100 | 1 | _aMendonça, S. | |
| 100 | 1 | _aAlbrecht, J.C. | |
| 100 | 1 | _aRosado, T.B. | |
| 100 | 1 | _aMarana, J.C. | |
| 100 | 1 | _aRibeiro, J.A.A. | |
| 110 | 1 |
_aEMBRAPA Agroenergia, Brasília, DF (Brasil) _93532 |
|
| 245 | 1 | _aCaracterização morfo-agronômica do abnco de germoplasma de pinhão-manso: resultados do 1º ano de avaliação | |
| 260 | 3 |
_aBrasília, DF (Brasil): _c2010. |
|
| 300 | _a8 p. | ||
| 490 |
_aComunicado Técnico - EMBRAPA Agroenergia (Brazil) _vno. 3 _xISSN 2177-4447 |
||
| 500 | _a10 ref. | ||
| 650 | _aPINHÃO DE PURGA | ||
| 650 | _aJATROPHA CURCAS | ||
| 650 | _aRECURSO GENÉTICO | ||
| 650 | _aMELHORAMENTO VEGETAL | ||
| 650 | _aCARACTERÍSTICAS AGRONOMICAS | ||
| 909 |
_a202312 _bLúcia Elande _c55 _dLúcia Elande |
||
| 942 |
_2AGRIS _n0 _cMS |
||
| 999 |
_c297498 _d297498 |
||